Az SZTE az innováció minden lépésével megismerteti hallgatóit Karikó Katalin is előadást tartott az egyetem Innovációs Napján /
Elmentve itt :
| Szerzők: | |
|---|---|
| További közreműködők: | |
| Dokumentumtípus: | Cikk |
| Megjelent: |
2025-11-17
|
| Sorozat: | SZTE Info
|
| Kulcsszavak: | Rendezvénysorozat - SZTE Innovációs Nap 2025, Kutatás - fejlesztés - innováció, Fejlesztés - innováció - Unitree G1 humanoid robot, Együttműködés - cégek, Díjátadás - SZTE Innovációs Díj - 2025, Kitüntetések - innovációs díjazottak, Köszöntő - Rovó László - rektor, Köszöntő - Varga-Bajusz Veronika - felsőoktatásért, szak- és felnőttképzésért, fiatalokért felelős államtitkár, Szabó Gábor - Szegedi Tudományegyetemért Alapítvány kuratóriumi elnöke, Volt egyetemi hallgató - Karikó Katalin - Nobel-díjas biokémikus - egyetemi tanár - Adjunct Professor of Neurosurgery, Természettudományi és Informatikai Kar - TTIK, University of Pennsylvania - USA, Pályázat - Proof of Concept - PoC - díjazottak, Együttműködési megállapodás - Roche Magyarország Volt egyetemi hallgató - Karikó Katalin - Nobel-díjas biokémikus - egyetemi tanár - Adjunct Professor of Neurosurgery, Természettudományi és Informatikai Kar - TTIK, University of Pennsylvania - USA, Rektori Hivatal |
| Online Access: | http://univ.bibl.u-szeged.hu/76088 |
| LEADER | 02020nab a2200193 i 4500 | ||
|---|---|---|---|
| 001 | univ76088 | ||
| 005 | 20251119150416.0 | ||
| 008 | 251119s2025 hu o 000 hun d | ||
| 040 | |a SZTE UnivHistória Repozitórium |b hun | ||
| 041 | |a hun | ||
| 100 | 1 | |a Panek Sándor | |
| 245 | 1 | 3 | |a Az SZTE az innováció minden lépésével megismerteti hallgatóit |h [elektronikus dokumentum] : |b Karikó Katalin is előadást tartott az egyetem Innovációs Napján / |c Panek Sándor |
| 260 | |c 2025-11-17 | ||
| 490 | 0 | |a SZTE Info | |
| 561 | |a Karikó Katalin sajtóarchívum | ||
| 695 | |a Rendezvénysorozat - SZTE Innovációs Nap 2025, Kutatás - fejlesztés - innováció, Fejlesztés - innováció - Unitree G1 humanoid robot, Együttműködés - cégek, Díjátadás - SZTE Innovációs Díj - 2025, Kitüntetések - innovációs díjazottak, Köszöntő - Rovó László - rektor, Köszöntő - Varga-Bajusz Veronika - felsőoktatásért, szak- és felnőttképzésért, fiatalokért felelős államtitkár, Szabó Gábor - Szegedi Tudományegyetemért Alapítvány kuratóriumi elnöke, Volt egyetemi hallgató - Karikó Katalin - Nobel-díjas biokémikus - egyetemi tanár - Adjunct Professor of Neurosurgery, Természettudományi és Informatikai Kar - TTIK, University of Pennsylvania - USA, Pályázat - Proof of Concept - PoC - díjazottak, Együttműködési megállapodás - Roche Magyarország Volt egyetemi hallgató - Karikó Katalin - Nobel-díjas biokémikus - egyetemi tanár - Adjunct Professor of Neurosurgery, Természettudományi és Informatikai Kar - TTIK, University of Pennsylvania - USA, Rektori Hivatal | ||
| 700 | 0 | 2 | |a Kovács-Jerney Ádám |
| 700 | 0 | 1 | |a Balog Helga |e aut |
| 856 | 4 | 0 | |u http://univ.bibl.u-szeged.hu/76088/1/Szegedi%20Tudom%C3%A1nyegyetem%20_%20Az%20SZTE%20az%20innov%C3%A1ci%C3%B3%20minden%20l%C3%A9p%C3%A9s%C3%A9vel%20megismerteti%20hallgat%C3%B3it%20%E2%80%93%20Karik%C3%B3%20Katalin%20is%20el%C5%91ad%C3%A1st%20tartott%20az%20egyetem%20Innov%C3%A1ci%C3%B3s%20Napj%C3%A1n.pdf |z Dokumentum-elérés |